000 01368aam a2200385 4500
005 20250318114508.0
007 ta
008 250117t2025 o d fre d
020 _a9782111559493
041 _afre
041 _bbaq
041 _bcat
041 _beng
041 _bita
041 _bspa
041 _bara
041 _bdut
110 _aFrança. Ministère de la Culture. Délégation générale à la langue française et aux langues de France
_967764
245 _a50 termes clés de l'intelligence artificielle
_cRépublique française. Délégation générale à la langue française et aux langues de France
260 _aParis
_bRépublique française. Délégation générale à la langue française et aux langues de France
_c2025
300 _a20 p.
500 _btermcat
500 _aÍndexs
520 _a50
530 _aTambé disponible en línia
546 _afrancès
591 _a11061
592 _aObra terminològica
593 _aGFC
594 _a11061
650 0 _aintel·ligència artificial
_961212
856 _uhttps://biblioteca.termcat.cat/cgi-bin/koha/opac-retrieve-file.pl?id=58d53ebc8d30d305aff8ecd19d1372e6
_yDescarrega
856 _uhttps://www.culture.gouv.fr/content/download/365678/pdf_file/50_termes_cl%C3%A9s_de_l'IA-2025.pdf?inLanguage=fre-FR&version=2
942 _cMO
_n0
_2ddc
999 _c69172
_d69172